The brethren in Christ Church: Their Contributions to the Develpment in Purnia District in Bihar (Record no. 23503)

MARC details
000 -LEADER
fixed length control field 00356nam a22001337a 4500
082 ## - DEWEY DECIMAL CLASSIFICATION NUMBER
Classification number 275.4
Author Cutter PRA
100 ## - MAIN ENTRY--AUTHOR NAME
Author name Prakash Marandi
245 ## - TITLE STATEMENT
Title The brethren in Christ Church: Their Contributions to the Develpment in Purnia District in Bihar
260 ## - PUBLICATION, DISTRIBUTION, ETC. (IMPRINT)
Place of publication Hyderabad
Name of publisher ARRC
Year of publication 2024
300 ## - PHYSICAL DESCRIPTION
Number of Pages 63
650 ## - SUBJECT ADDED ENTRY--TOPICAL TERM
Topical Term Church History
942 ## - ADDED ENTRY ELEMENTS (KOHA)
Koha item type Thesis
Holdings
Home library Current library Shelving location Date acquired Source of acquisition Full call number Accession Number Koha item type
Henry Martyn Institute Library Henry Martyn Institute Library Reference 08/06/2024 Student 275.4 PRA 11-4848 Thesis
                   Copyright © 2026 | Henry Martyn Institute | Hyderabad | TS-500052 | INDIA | Implemented by hmi.edu.in
Hit-Count:

Powered by Koha